000 00526nam a2200217Ia 4500
003 OSt
005 20221005132700.0
006 a|||||r|||| 00| 0
007 ta
008 221004b |||||||| |||| 00| 0 eng d
024 _a53840
037 _cTextual
040 _aCRL
_cCRL
_beng
041 _2eng
_aeng
082 _aTz7, E4.1-.4
245 0 _aUniversity of Calcutta convocation addresses.
260 _c1914
650 _aEDUCATION
942 _hTz7, E4.1-.4
_cTEXL
_2cc
999 _c1064488
_d1064488